| 000 | 00928nam a2200253 a 4500 | ||
|---|---|---|---|
| 001 | 000031028 | ||
| 003 | OSt | ||
| 005 | 20250723150125.0 | ||
| 007 | ta | ||
| 008 | 090925s1946 dr 001 m spa d | ||
| 040 |
_aDO-SdBNP _bspa _cBNPHU |
||
| 082 | 7 | 4 |
_a868.3 _bP971m _222 |
| 100 | 1 |
_aPrud Homme, Emilio, _d1826-1932 _923704 |
|
| 245 | 1 | 0 |
_aMi libro azul / _cEmilio Prud Homme. |
| 260 |
_aSantigo, República Dominicana : _bEl Diario, _c1946. |
||
| 300 |
_a190 p. ; _c24 cm. |
||
| 505 | 0 |
_gIntroducción -- _tAutografía -- _tHimmno Nacional -- _tLiteratura -- _tCuestiones jurídicas -- _tEpistolario -- _tHomenajes -- _tMuerte -- _tGrabados -- |
|
| 650 | 0 |
_aProsa dominicana _912146 |
|
| 650 | 0 |
_aLiteratura dominicana. _967 |
|
| 650 | 4 |
_aHimnos patrióticos dominicanos _92512 |
|
| 650 | 4 |
_aIntelectuales _zRepública Dominicana _xEnsayos, conferencias, etc. _923705 |
|
| 910 | _aValidado. Control de calidad | ||
| 942 |
_2ddc _cLBS1 |
||
| 999 |
_c30520 _d30520 |
||